| 000 | nam a22 a 4500 | ||
|---|---|---|---|
| 999 |
_c501 _d501 |
||
| 005 | 20170504095747.0 | ||
| 008 | 170504b1995 - ||||| |||| 00| 0 eng d | ||
| 020 | _a0717124258 | ||
| 040 | _aAKMAL | ||
| 082 | _a152 PAT | ||
| 090 |
_a152 _bPAT |
||
| 245 |
_aYOU CAN HAVE IT ALL _cARNOLD M.PATENT |
||
| 260 |
_aDUBLIN _bLinda Michaels Limited _c1995 |
||
| 300 |
_a212pg; _c15 cm |
||
| 650 |
_aPsychology _9859 |
||
| 942 |
_2ddc _cBOOK |
||